Ohrev a chladenie laku pre impregnáciu vinutia motorov
Guardado en:
| Autor principal: | |
|---|---|
| Otros Autores: | |
| Formato: | Manuscrito Libro |
| Lenguaje: | eslovaco |
| Publicado: |
2017
|
| Materias: | |
| Acceso en línea: | http://is.stuba.sk/zp/portal_zp.pl?podrobnosti=133158 |
| Etiquetas: |
Sin Etiquetas, Sea el primero en etiquetar este registro!
|
MARC
| LEADER | 00000ntm a22000003a 4500 | ||
|---|---|---|---|
| 001 | stuzp64223 | ||
| 003 | SK-STU | ||
| 005 | 20170624213154.6 | ||
| 007 | ta | ||
| 008 | 150427s2015----xo-----f-mn---000-0-slo-d | ||
| 040 | |a STU |b slo | ||
| 041 | 0 | |a slo | |
| 100 | 1 | |a Vozár, Lukáš |u 020040 |4 aut |U SjF Strojnícka fakulta |T SjF Ústav procesného inžinierstva |X 76964 |U J0040 |Y 807 |7 76964 | |
| 242 | 0 | 1 | |a Heating and cooling the impregnating varnish used for impregnating motor windings |y eng |
| 245 | 1 | 0 | |a Ohrev a chladenie laku pre impregnáciu vinutia motorov |
| 260 | |c 2017 | ||
| 650 | 4 | |a impregnácia |2 slo | |
| 650 | 4 | |a impregnačný lak |2 slo | |
| 650 | 4 | |a ohrev |2 slo | |
| 650 | 4 | |a chladenie |2 slo | |
| 650 | 4 | |a heating |2 eng | |
| 650 | 4 | |a cooling |2 eng | |
| 650 | 4 | |a impregnating varnishes |2 eng | |
| 650 | 4 | |a impregnation |2 eng | |
| 700 | 1 | |a Peciar, Marián |u 901010 |k Z7 |4 ths |U Rektorát STU |T Vedenie STU |X 2359 |U 901010 |Y 287 |7 A000002359 | |
| 856 | 4 | |u http://is.stuba.sk/zp/portal_zp.pl?podrobnosti=133158 | |
| 996 | |b 284J045155 |c J* 2625/BP |l JJSK |s A |a 24 |w stuzp64223_0001 | ||